000 01471cam a2200361Ii 4500
001 11502364
003 ARRUPE
005 20161004092026.0
008 130612m20159999fluac b 001 0 eng d
015 _aGBB366835
_2bnb
016 7 _a016462238
_2Uk
020 _a9781934996638
035 _a(OCoLC)ocn855200569
035 _a(OCoLC)855200569
_z(OCoLC)912007794
_z(OCoLC)913334549
035 _a(NNC)11502364
040 _aUKMGB
_beng
_erda
_cUKMGB
_dOCLCO
041 1 _aeng
_hspa
050 1 4 _aBX2003.R763
082 0 4 _a252.02
_223
100 1 _aRomero, Óscar A.
_q(Óscar Arnulfo),
_d1917-1980,
_eauthor.
_94771
245 1 2 _aA prophetic bishop speaks to his people :
_bthe complete homilies of Archbishop Oscar Arnulfo Romero /
_ctranslated by Joseph V. Owens ; Rafael Luciani, Félix Palazzi, Julian Filochowski (Eds.)
260 _aFlorida
_bConvivium Press
_c2015
300 _a118-559p.
_billustrations, portrait ;
_c22 cm.
490 1 _aSeries martyria
500 _aTranslated from the Spanish.
504 _aIncludes bibliographical references and indexes.
505 0 0 _gv. 1.
_tCycle C : 14 March to 25 November 1977 --
_gv. 2.
_tCycle A : 27 November 1977 to 28 May 1978 --
_gv. 3.
_gv.4 :3 December 1978 to 17 June 1979--.
_tCycle A : 4 June 1978 to 29 November 1978
700 1 _aOwens, Joseph,
_eeditor,
_etranslator.
_926381
830 0 _aSeries Martyria.
_926382
942 _2lcc
_cMONOGRAPH
948 1 _a20150817
_bc
_csl13
_dMPS
999 _c125407
_d125407